Actividades integradas. Libro básico 1. 1º E.G.B. Ciclo inicial

Guardado en:
Detalles Bibliográficos
Formato: Desconocido
Lenguaje:español
Publicado: Madrid Bruño 1985
Catálogo:MANES:  Resultados de Búsqueda del Catálogo
Clasificación de libros de texto:
Etiquetas: Agregar Etiqueta
Sin Etiquetas, Sea el primero en etiquetar este registro!
Añadido a:2016-04-26
Cambiado en:2024-11-20

MARC

LEADER 000000000a22000000004500
001 01690
003 OSt
005 20241121020105.0
008 160427s sp ||||| |||| 00| 0 spa d
040 |c centro_manes 
041 1 |a spa 
691 7 |a PRI 
245 0 0 |a Actividades integradas. Libro básico 1. 1º E.G.B. Ciclo inicial 
260 3 |a Madrid  |b Bruño  |c 1985 
300 |a 95 p.  |c 27x19 cm 
500 |a Fecha de publicación tomada del Depósito Legal 
690 0 |a EyL 
942 |2 ddc  |c BK 
546 |a España 
999 |c 7664  |d 7664 
999 |c manes:7664  |d 7664